[Event "1st Hainan Open 2016"]
[Site "Danzhou CHN"]
[Date "2016.12.10"]
[Round "4.11"]
[White "Liu, Yan"]
[Black "Fang, Yuxiang"]
[Result "1/2-1/2"]
[WhiteTitle "FM"]
[BlackTitle "IM"]
[WhiteElo "2403"]
[BlackElo "2510"]
[WhiteFideId "8608962"]
[BlackFideId "8605840"]
[EventDate "2016.12.07"]

1. d4 d5 2. c4 c6 3. Nf3 Nf6 4. e3 a6 5. Bd3 Bg4 6. Nbd2 e6 7. Qc2 Nbd7 8. b3
Bd6 9. Bb2 Qb8 10. h3 Bh5 11. Nh4 Bg3 12. Ndf3 Bd6 13. g4 Bg6 14. Nxg6 hxg6 15.
O-O-O O-O 16. Kb1 e5 17. dxe5 Nxe5 18. Nxe5 Bxe5 19. g5 Bxb2 20. Qxb2 dxc4 21.
bxc4 Nh5 22. Bc2 Qc7 23. Qc3 1/2-1/2

[Event "1st Hainan Open 2016"]
[Site "Danzhou CHN"]
[Date "2016.12.10"]
[Round "4.12"]
[White "Peng, Xiongjian"]
[Black "Gusain, Himal"]
[Result "1-0"]
[WhiteElo "2362"]
[BlackElo "2448"]
[WhiteFideId "8610550"]
[BlackFideId "5033861"]
[EventDate "2016.12.07"]

1. e4 c5 2. d4 cxd4 3. Nf3 e6 4. Nxd4 Nc6 5. Nxc6 bxc6 6. Bd3 Nf6 7. O-O d5 8.
Nd2 Be7 9. b3 O-O 10. Bb2 a5 11. c4 a4 12. exd5 cxd5 13. Qc2 h6 14. c5 Qc7 15.
b4 e5 16. a3 e4 17. Be2 Bd6 18. g3 Be5 19. f4 Bxb2 20. Qxb2 Ba6 21. Bxa6 Rxa6
22. Qd4 Re6 23. Rfe1 Rfe8 24. Nf1 Qb7 25. Ne3 Rd8 26. Rab1 Qb5 27. Nd1 h5 28.
Nc3 Qd7 29. Nd1 Qb5 30. Nc3 Qd7 31. b5 h4 32. b6 hxg3 33. hxg3 Nh5 34. Qxd5 Qxd5
35. Nxd5 Kh7 36. b7 Rb8 37. Rb6 Rxb6 38. cxb6 Rxb7 39. Rxe4 Nxg3 40. Rxa4 Kg6
41. Rb4 Kf5 42. a4 Ne4 43. a5 Nc5 44. Rb5 1-0

[Event "1st Hainan Open 2016"]
[Site "Danzhou CHN"]
[Date "2016.12.10"]
[Round "4.13"]
[White "Zhang, Ziji"]
[Black "Vignesh, N R"]
[Result "1-0"]
[BlackTitle "IM"]
[WhiteElo "2329"]
[BlackElo "2432"]
[WhiteFideId "8609470"]
[BlackFideId "25012215"]
[EventDate "2016.12.07"]

1. d4 Nf6 2. c4 e6 3. Nc3 Bb4 4. Nf3 b6 5. e3 O-O 6. Bd3 d5 7. cxd5 exd5 8. O-O
Bg4 9. Bd2 c5 10. dxc5 bxc5 11. Rc1 Nbd7 12. Be2 Rb8 13. Na4 Bxd2 14. Qxd2 Qe7
15. b3 Rfc8 16. Rfe1 Nb6 17. Qa5 Nxa4 18. Qxa4 Ne4 19. Qa5 Qf6 20. Rc2 Rd8 21.
Qxa7 d4 22. exd4 cxd4 23. Rcc1 Bxf3 24. Bxf3 Nc3 25. Rc2 Re8 26. Rf1 d3 27. Rd2
Rbd8 28. Qa5 Qd4 29. h3 g6 30. Qa6 Ne4 31. Bxe4 Rxe4 32. Qc4 Qxc4 33. bxc4 Rxc4
34. Rfd1 Rc3 35. a4 Kg7 36. f3 f5 37. a5 Kf6 38. Kf2 Ke5 39. a6 Kd4 40. Ra2 Rdc8
41. a7 Ra8 42. Ra4+ Rc4 43. Rda1 Kd5 44. Rxc4 Kxc4 45. Ke1 Kb5 46. Kd2 Kb6 47.
Kxd3 Kb7 48. Kd4 Rd8+ 49. Ke5 Ka8 50. Ra2 Rd7 51. Ke6 Rb7 52. Kf6 Rc7 53. Kg5
Rf7 54. h4 1-0

[Event "1st Hainan Open 2016"]
[Site "Danzhou CHN"]
[Date "2016.12.10"]
[Round "4.14"]
[White "Zhu, Yi"]
[Black "Xu, Yi"]
[Result "1/2-1/2"]
[WhiteTitle "FM"]
[BlackTitle "IM"]
[WhiteElo "2306"]
[BlackElo "2430"]
[WhiteFideId "8607435"]
[BlackFideId "8605564"]
[EventDate "2016.12.07"]

1. d4 Nf6 2. c4 e6 3. g3 d5 4. Nf3 Be7 5. Bg2 O-O 6. O-O dxc4 7. Qc2 a6 8. a4
Bd7 9. Rd1 Bc6 10. Nc3 Bxf3 11. Bxf3 Nc6 12. Bxc6 bxc6 13. a5 Rb8 14. Ra4 Rb4
15. Na2 Rxa4 16. Qxa4 Qd5 17. Nc3 Qh5 18. Qxc6 Qxa5 19. Qxc4 c5 20. d5 exd5 21.
Nxd5 Nxd5 22. Rxd5 Qb4 23. b3 Rb8 24. Qxb4 Rxb4 25. Rd7 Kf8 26. Ra7 f6 27. Rxa6
Rxb3 28. Be3 Rb2 29. Ra1 Rxe2 30. Rc1 Kf7 31. Kf1 Ra2 32. Bxc5 Bxc5 33. Rxc5
Ra1+ 34. Kg2 Ra2 35. Kf1 Ra1+ 36. Kg2 Ra2 1/2-1/2

[Event "1st Hainan Open 2016"]
[Site "Danzhou CHN"]
[Date "2016.12.10"]
[Round "4.15"]
[White "Chu, Wei Chao"]
[Black "Fang, Yan"]
[Result "0-1"]
[WhiteTitle "IM"]
[WhiteElo "2281"]
[BlackElo "2429"]
[WhiteFideId "8605661"]
[BlackFideId "8604746"]
[EventDate "2016.12.07"]

1. d4 Nf6 2. Nf3 d6 3. c4 Bf5 4. Nc3 g6 5. g3 Bg7 6. Bg2 Ne4 7. Bd2 Nxc3 8. Bxc3
Be4 9. Qd2 d5 10. O-O O-O 11. Qf4 Qd6 12. Qxd6 cxd6 13. cxd5 Bxd5 14. Rfe1 Be4
15. Bh3 Nc6 16. Ng5 Bf5 17. Bxf5 gxf5 18. d5 Bxc3 19. bxc3 Ne5 20. f4 Ng6 21.
Nf3 Rfc8 22. Nd4 Rc5 23. c4 Rxc4 24. Nxf5 Rac8 25. Kf2 Kf8 26. Kf3 R8c5 27. e4
b5 28. Kg4 a5 29. h4 f6 30. Rad1 Kf7 31. Nd4 Ra4 32. Ne6 Rc3 33. Rc1 Rac4 34.
Rxc3 Rxc3 35. a3 Rxa3 36. h5 Nf8 37. Nd4 b4 38. Rc1 Rd3 39. Nc6 Rc3 40. Ra1 Ra3
41. Rc1 b3 42. Nd4 b2 43. Rb1 Ra2 44. Nb5 a4 45. Kf5 a3 46. g4 Ra1 47. Nxa3 Rxa3
48. Rxb2 Ng6 49. g5 Rg3 50. e5 Nh4+ 51. Ke4 f5+ 52. Kd4 Nf3+ 0-1

[Event "1st Hainan Open 2016"]
[Site "Danzhou CHN"]
[Date "2016.12.10"]
[Round "4.16"]
[White "Kulkarni, Bhakti"]
[Black "Lu, Shanglei"]
[Result "1/2-1/2"]
[WhiteTitle "CM"]
[BlackTitle "GM"]
[WhiteElo "2281"]
[BlackElo "2627"]
[WhiteFideId "5019516"]
[BlackFideId "8603332"]
[EventDate "2016.12.07"]

1. d4 f5 2. Nc3 Nf6 3. Bg5 d5 4. Bxf6 exf6 5. e3 Be6 6. Bd3 c6 7. Qf3 g6 8. Nge2
Nd7 9. h3 Ne5 10. dxe5 fxe5 11. Qg3 Bg7 12. Nc1 O-O 13. O-O e4 14. Be2 d4 15.
Rd1 Qb6 16. Na4 Qb4 17. Nb3 Qxa4 18. Nc5 Qxc2 19. Nxe6 Qxe2 20. Nxf8 Rxf8 21.
exd4 Qxb2 22. Rab1 Qc2 23. Rdc1 Qxa2 24. Rxb7 f4 25. Qg5 Qd2 26. Rxc6 Qd1+ 27.
Kh2 Qxd4 28. Rcc7 Be5 29. Re7 Bf6 30. Qg4 Bxe7 31. Qe6+ Rf7 32. Rxe7 Qf6 33.
Qxf6 Rxf6 34. Rxa7 Re6 35. Kg1 h6 36. h4 Kf8 37. Kf1 Re7 38. Ra4 Kg7 39. f3 Kf6
40. fxe4 Ke5 41. Kf2 Rd7 42. Kf3 Rd3+ 43. Kf2 h5 44. Ra6 Rg3 45. Ra4 Rg4 46. Kf3
Rxh4 47. Ra5+ Kf6 48. Ra6+ Kg5 49. Ra5+ Kf6 50. Ra6+ Kg7 51. Ra7+ Kg8 52. Ra8+
Kf7 53. Ra7+ Ke8 54. Ra8+ Ke7 55. Ra7+ Kd8 56. Ra8+ Kc7 57. Ra7+ Kb6 58. Ra2 Kc7 1/2-1/2

[Event "1st Hainan Open 2016"]
[Site "Danzhou CHN"]
[Date "2016.12.10"]
[Round "4.17"]
[White "Nie, Xinyang"]
[Black "Liu, Guanchu"]
[Result "1/2-1/2"]
[BlackTitle "IM"]
[WhiteElo "2239"]
[BlackElo "2418"]
[WhiteFideId "8607222"]
[BlackFideId "8603901"]
[EventDate "2016.12.07"]

1. Nf3 f5 2. g3 Nf6 3. Bg2 g6 4. b3 d6 5. d4 Bg7 6. Bb2 O-O 7. O-O Ne4 8. Nbd2
Nc6 9. c4 e5 10. dxe5 Nxd2 11. Qxd2 dxe5 12. Qd5+ Kh8 13. Qxd8 Rxd8 14. e4 f4
15. Rfd1 Bg4 16. Rd5 fxg3 17. hxg3 Bxf3 18. Bxf3 Nd4 19. Bxd4 exd4 20. Rd1 c6
21. Rxd8+ Rxd8 22. Be2 g5 23. Kg2 Be5 24. Rd3 Kg7 25. Rf3 Rf8 1/2-1/2

[Event "1st Hainan Open 2016"]
[Site "Danzhou CHN"]
[Date "2016.12.10"]
[Round "4.18"]
[White "Zhao, Shengxin"]
[Black "Wang, Jue"]
[Result "1/2-1/2"]
[WhiteTitle "WFM"]
[BlackTitle "WGM"]
[WhiteElo "2020"]
[BlackElo "2364"]
[WhiteFideId "8608040"]
[BlackFideId "8604070"]
[EventDate "2016.12.07"]

1. d4 Nf6 2. c4 e6 3. g3 d5 4. Bg2 dxc4 5. Nf3 a6 6. a4 c5 7. O-O Nc6 8. dxc5
Bd7 9. Nbd2 Bxc5 10. Nxc4 Qe7 11. Bg5 Rd8 12. Nfe5 Nxe5 13. Nxe5 Bc8 14. Qc2 h6
15. Bxf6 gxf6 16. Rac1 Bd4 17. Qxc8 Bxe5 18. Qxb7 Qxb7 19. Bxb7 a5 20. Rc5 Rb8
21. Bc6+ Ke7 22. Rxa5 Rhc8 23. Bf3 Rxb2 24. Ra7+ Rc7 25. Rxc7+ Bxc7 26. Rc1 Bb6
27. Rc4 Ba5 28. Rc5 Bb6 29. Rc4 Ba5 30. Kg2 f5 31. Rc5 Bb6 32. Rb5 Rxb5 33. axb5
Kf6 34. Bc6 Ke5 35. f4+ Kd6 36. Kf3 Bc5 37. h3 Ke7 38. Kg2 Kf6 39. g4 fxg4 40.
hxg4 e5 41. f5 Ke7 42. Kf3 f6 43. Kg3 Kd6 44. Kh4 Be3 45. Kh5 Kc7 46. Kg6 Bg5
47. Kf7 Kb6 48. Ke6 Bh4 49. Be8 Bg5 1/2-1/2

[Event "1st Hainan Open 2016"]
[Site "Danzhou CHN"]
[Date "2016.12.11"]
[Round "5.1"]
[White "Hamitevici, Vladimir"]
[Black "Yu, Yangyi"]
[Result "0-1"]
[WhiteTitle "IM"]
[BlackTitle "GM"]
[WhiteElo "2477"]
[BlackElo "2729"]
[WhiteFideId "13902393"]
[BlackFideId "8603820"]
[EventDate "2016.12.07"]

1. d4 Nf6 2. c4 g6 3. Nf3 Bg7 4. Nc3 d5 5. Bf4 O-O 6. Rc1 c6 7. e3 Ne4 8. Qb3
Nxc3 9. Qxc3 Be6 10. a3 Nd7 11. h3 c5 12. Qd2 Rc8 13. Ng5 Nb6 14. Nxe6 fxe6 15.
Be5 dxc4 16. Bxg7 Kxg7 17. Bxc4 Nxc4 18. Rxc4 Qd5 19. Qc2 Qxg2 20. Rf1 Qxh3 21.
Rxc5 Rxc5 22. Qxc5 Qf5 23. Ke2 Rf7 24. f4 Qd5 25. Rc1 Qg2+ 26. Kd3 Qxb2 27. Rc3
Qb1+ 28. Ke2 Qa2+ 29. Kd3 Qd5 30. Qxa7 e5 31. fxe5 Qb5+ 32. Ke4 Qb1+ 33. Kd5 e6+
34. Kxe6 Qb5 35. Kd6 Rd7+ 36. Ke6 Qd5# 0-1

[Event "1st Hainan Open 2016"]
[Site "Danzhou CHN"]
[Date "2016.12.11"]
[Round "5.2"]
[White "Dai, Changren"]
[Black "Tan, Zhongyi"]
[Result "0-1"]
[BlackTitle "WGM"]
[WhiteElo "2436"]
[BlackElo "2496"]
[WhiteFideId "8608156"]
[BlackFideId "8603642"]
[EventDate "2016.12.07"]

1. e4 e5 2. Nf3 Nc6 3. Bb5 a6 4. Ba4 Nf6 5. O-O Be7 6. Re1 b5 7. Bb3 d6 8. c3
O-O 9. h3 h6 10. d4 Re8 11. Nbd2 Bf8 12. Nf1 Bd7 13. Ng3 Na5 14. Bc2 c5 15. d5
Nc4 16. Nh2 a5 17. Bd3 Nb6 18. f4 Na4 19. fxe5 dxe5 20. Rf1 c4 21. Bc2 Nc5 22.
Be3 b4 23. Qe2 b3 24. Bd1 Ncxe4 25. Nxe4 Nxe4 26. Qxc4 Nd6 27. Qxb3 Bb5 28. Re1
Rb8 29. Qc2 e4 30. Be2 Nf5 31. Bxb5 Rxb5 32. Bf2 e3 33. Qxf5 Rxd5 34. Qf3 exf2+
35. Kxf2 Bc5+ 36. Kf1 Rd2 37. Ng4 h5 38. Qf5 hxg4 39. Qxc5 gxh3 40. Qc6 Qd3+ 41.
Kg1 Rxg2+ 42. Kh1 Rxe1+ 43. Rxe1 Qg3 44. Qe8+ Kh7 0-1

[Event "1st Hainan Open 2016"]
[Site "Danzhou CHN"]
[Date "2016.12.11"]
[Round "5.3"]
[White "Fang, Yan"]
[Black "Zhou, Jianchao"]
[Result "1/2-1/2"]
[BlackTitle "GM"]
[WhiteElo "2429"]
[BlackElo "2632"]
[WhiteFideId "8604746"]
[BlackFideId "8603537"]
[EventDate "2016.12.07"]

1. e4 c6 2. d4 d5 3. Nc3 dxe4 4. Nxe4 Bf5 5. Ng3 Bg6 6. N1e2 Nf6 7. Nf4 e5 8.
Nxg6 hxg6 9. dxe5 Qa5+ 10. Bd2 Qxe5+ 11. Qe2 Qxe2+ 12. Bxe2 Bc5 13. O-O Nbd7 14.
Bc3 Nb6 15. Rad1 Nbd5 16. Bxf6 gxf6 17. Bf3 Nf4 18. c3 f5 19. b4 Bb6 20. a4 a5
21. b5 Rc8 22. bxc6 bxc6 23. Ne2 Ne6 24. g3 Ke7 25. Kg2 Rhd8 26. Rxd8 Kxd8 27.
h4 Nc5 28. Nd4 Nxa4 29. Nxc6+ Ke8 30. Nxa5 Nxc3 31. Nb3 Ne4 32. Bxe4 fxe4 33.
Rc1 Rxc1 34. Nxc1 1/2-1/2

[Event "1st Hainan Open 2016"]
[Site "Danzhou CHN"]
[Date "2016.12.11"]
[Round "5.4"]
[White "Zhao, Zong-Yuan"]
[Black "Jumabayev, Rinat"]
[Result "1/2-1/2"]
[WhiteTitle "GM"]
[BlackTitle "GM"]
[WhiteElo "2544"]
[BlackElo "2611"]
[WhiteFideId "3202534"]
[BlackFideId "13702661"]
[EventDate "2016.12.07"]

1. Nf3 Nf6 2. c4 g6 3. d4 Bg7 4. Nc3 d5 5. cxd5 Nxd5 6. e4 Nxc3 7. bxc3 c5 8.
Be3 Qa5 9. Qd2 Nc6 10. Rb1 cxd4 11. cxd4 O-O 12. Bd3 Rd8 13. Qxa5 Nxa5 14. O-O
Bg4 15. d5 e6 16. Bd2 b6 17. Bxa5 bxa5 18. Ba6 Rd6 19. Bb7 Rad8 20. h3 Bxf3 21.
gxf3 Bd4 22. Kg2 Kg7 23. Rfd1 Be5 24. Rdc1 Bf4 25. Rc5 Rb6 26. Rcb5 Bc7 27. a4
Kf6 28. Bc6 Rdb8 29. Rxb6 axb6 30. Rd1 Rd8 31. Rd3 g5 32. Bb5 Bd6 33. Kf1 Ke5
34. Ke2 Rc8 35. Bc6 Bc5 36. Rd2 Bb4 37. Rd3 Rg8 38. Kf1 Bc5 39. Kg2 h5 40. Kg3
Rc8 41. Kg2 Bd4 42. Kg3 exd5 43. exd5 Bc5 44. Rd2 Rd8 45. Kg2 Kf5 46. Re2 Rd6
47. Re4 Rf6 48. Bd7+ Kg6 49. Bb5 Kg7 50. Bc6 Bd6 51. Bd7 Bf4 52. Bb5 Rf5 53. Bc6
Kf6 54. Re2 Bd6 55. Re4 Kg7 56. Re2 Rf6 57. Re4 Rg6 58. Re2 g4 59. fxg4 hxg4 60.
hxg4 Rxg4+ 61. Kf3 Rf4+ 62. Kg2 Kf6 63. Re3 Rg4+ 64. Kf1 Bc5 65. Rd3 Ke5 66. Rf3
Rb4 67. Rc3 Bd6 68. Re3+ Kd4 69. Re2 f6 70. Rd2+ Kc5 71. Re2 Be5 72. Re3 Rb1+
73. Re1 Rb4 74. Rc1+ Kd6 75. Rc2 Rb3 76. Kg2 Ra3 77. Kf1 f5 78. Kg2 f4 79. Rd2
Rc3 80. Bb5 Rb3 81. Rd3 Rb1 82. Kf3 Rh1 83. Ke4 Re1+ 84. Kf5 Rh1 85. Bc6 Rh2 86.
f3 Rh5+ 87. Ke4 Kc5 88. Bb5 Kd6 89. Re3 Bb2 1/2-1/2

[Event "1st Hainan Open 2016"]
[Site "Danzhou CHN"]
[Date "2016.12.11"]
[Round "5.5"]
[White "Wen, Yang"]
[Black "Zhang, Ziji"]
[Result "1-0"]
[WhiteTitle "GM"]
[WhiteElo "2607"]
[BlackElo "2329"]
[WhiteFideId "8602956"]
[BlackFideId "8609470"]
[EventDate "2016.12.07"]

1. d4 d5 2. Bf4 Nf6 3. e3 c6 4. c4 e6 5. Nc3 Nbd7 6. Nf3 Be7 7. h3 O-O 8. Rc1
dxc4 9. Bxc4 Nd5 10. Bh2 Nxc3 11. bxc3 b6 12. O-O Bb7 13. Qe2 Nf6 14. e4 c5 15.
Bd3 cxd4 16. cxd4 Rc8 17. Rcd1 Qe8 18. Bb5 Qd8 19. Bd3 Qe8 20. Bf4 Qa4 21. Bg5
Rc7 22. Bf4 Rcc8 23. Rc1 Qa3 24. Ne5 Qa4 25. Nf3 Qa3 26. Ne5 Qa4 27. Bb5 Qa3 28.
Nc6 a6 29. Nxe7+ Qxe7 30. Bd3 b5 31. Bg5 Qa3 32. Rcd1 Nd7 33. Bb1 Rfe8 34. Rd3
Qb4 35. Rfd1 f5 36. Rg3 fxe4 37. Bxe4 Bxe4 38. Qxe4 Rc7 39. Qf4 Qc4 40. Qg4 Qd5
41. Bd8 1-0

[Event "1st Hainan Open 2016"]
[Site "Danzhou CHN"]
[Date "2016.12.11"]
[Round "5.6"]
[White "Yermolinsky, Alex"]
[Black "Sandipan, Chanda"]
[Result "1-0"]
[WhiteTitle "GM"]
[BlackTitle "GM"]
[WhiteElo "2486"]
[BlackElo "2593"]
[WhiteFideId "2005492"]
[BlackFideId "5004225"]
[EventDate "2016.12.07"]

1. e4 c5 2. Nf3 d6 3. Bb5+ Nd7 4. d4 cxd4 5. Qxd4 a6 6. Be2 Ngf6 7. O-O g6 8.
Nc3 Bg7 9. Rd1 O-O 10. e5 Nh5 11. Qh4 dxe5 12. Bg5 Nf4 13. Bxe7 Qb6 14. Bc4 Re8
15. Ne4 g5 16. Bxg5 Ng6 17. Qh5 Ndf8 18. Bxf7+ Kxf7 19. Nd6+ Qxd6 20. Rxd6 e4
21. Nh4 1-0

[Event "1st Hainan Open 2016"]
[Site "Danzhou CHN"]
[Date "2016.12.11"]
[Round "5.7"]
[White "Rapport, Richard"]
[Black "Peng, Xiongjian"]
[Result "1/2-1/2"]
[WhiteTitle "GM"]
[WhiteElo "2717"]
[BlackElo "2362"]
[WhiteFideId "738590"]
[BlackFideId "8610550"]
[EventDate "2016.12.07"]

1. d4 d5 2. Bg5 c6 3. e3 Nd7 4. Nf3 Ngf6 5. c4 Ne4 6. Bh4 Qa5+ 7. Nbd2 Ndf6 8.
Be2 Nxd2 9. Nxd2 Ne4 10. a3 Qxd2+ 11. Qxd2 Nxd2 12. Kxd2 e6 13. g4 Bd6 14. Rac1
O-O 15. Bg3 Be7 16. h4 Bd7 17. Rc3 Rad8 18. Kc1 dxc4 19. Rxc4 c5 20. dxc5 Bb5
21. Rc2 Bxe2 22. Rxe2 Bxc5 23. Rc2 Bb6 24. Rd1 Rxd1+ 25. Kxd1 Rd8+ 26. Ke2 f6
27. b4 Rd7 28. a4 a6 29. b5 axb5 30. Rb2 Bc7 31. Bxc7 Rxc7 32. Rxb5 Rd7 33. a5
e5 34. Kf3 Kf7 35. Ke4 Kg6 36. Rb6 h5 37. g5 Rd2 38. Rxb7 Rxf2 39. gxf6 gxf6 40.
a6 Rh2 41. Kd5 Rxh4 42. a7 Ra4 43. Kc6 h4 44. Kb6 h3 45. Rb8 h2 46. Rh8 Rb4+ 47.
Ka6 Ra4+ 48. Kb6 Rb4+ 49. Ka5 Rb2 1/2-1/2

[Event "1st Hainan Open 2016"]
[Site "Danzhou CHN"]
[Date "2016.12.11"]
[Round "5.8"]
[White "Werle, Jan"]
[Black "Liu, Yan"]
[Result "1/2-1/2"]
[WhiteTitle "GM"]
[BlackTitle "FM"]
[WhiteElo "2560"]
[BlackElo "2403"]
[WhiteFideId "1006088"]
[BlackFideId "8608962"]
[EventDate "2016.12.07"]

1. d4 Nf6 2. c4 e6 3. Nf3 Bb4+ 4. Nbd2 O-O 5. a3 Bxd2+ 6. Qxd2 Qe7 7. e3 a5 8.
b3 b6 9. Be2 Bb7 10. O-O d5 11. Bb2 Nbd7 12. Ne5 Nxe5 13. dxe5 Ne4 14. Qc2 dxc4
15. Bxc4 Nc5 16. f3 Ba6 17. Bd4 Bxc4 18. Qxc4 a4 19. Bxc5 Qxc5 20. Qxc5 bxc5 21.
bxa4 Rxa4 22. Rfc1 c4 23. Rc3 g6 24. e4 Rb8 25. Rac1 Rb3 26. Rxc4 Rxc4 27. Rxc4
Rxa3 28. Kf2 Ra5 29. f4 c5 30. Rc3 Kf8 31. Kf3 h6 32. h3 Ke7 33. g4 g5 34. f5
Kd7 35. Ke3 Kc7 36. h4 Kc6 37. hxg5 hxg5 38. Rd3 Kc7 39. Rc3 Kc6 40. Rd3 Kc7 41.
Rc3 Kc6 42. Rd3 1/2-1/2

[Event "1st Hainan Open 2016"]
[Site "Danzhou CHN"]
[Date "2016.12.11"]
[Round "5.9"]
[White "Xu, Yinglun"]
[Black "Zhao, Yuanhe"]
[Result "1-0"]
[WhiteElo "2535"]
[BlackElo "2351"]
[WhiteFideId "8604940"]
[BlackFideId "8609497"]
[EventDate "2016.12.07"]

1. c4 g6 2. Nf3 c5 3. d4 cxd4 4. Nxd4 Nc6 5. e4 Bg7 6. Be3 Nf6 7. Nc3 O-O 8. Be2
d6 9. O-O Bd7 10. Re1 Nxd4 11. Bxd4 Bc6 12. Qc2 a5 13. Rad1 Nd7 14. Be3 Qc7 15.
Qd2 Nc5 16. Nd5 Bxd5 17. exd5 Qb6 18. Rb1 Qb4 19. Qc2 a4 20. Bf1 Bf6 21. Rec1
Rfc8 22. Bd2 Qb6 23. b4 axb3 24. axb3 Nd7 25. b4 Bd4 26. Be1 Qa7 27. Qe4 Bf6 28.
Bd2 Qd4 29. Qe1 Ra2 30. Be3 Qe4 31. c5 Ne5 32. cxd6 Rxc1 33. Rxc1 Qxd5 34. dxe7
Bxe7 35. Bc5 Qe6 36. Be3 Kg7 37. h3 Bh4 38. Qd1 Bf6 39. b5 h5 40. Kh1 Qf5 41.
Qd5 Rxf2 42. Bxf2 Qxf2 43. Qc5 Qf4 44. Re1 h4 45. Qe3 Qb4 46. Qe4 Qd2 47. Qe3
Qb4 48. Rd1 g5 49. Be2 Ng6 50. Bd3 Nf4 51. Qe4 Qb2 52. Bc4 Nh5 53. Qxb7 Ng3+ 54.
Kh2 Qe5 55. Qxf7+ Kh6 56. Qf8+ Kg6 57. Bd3+ Ne4+ 58. Kh1 g4 59. Qb4 1-0

[Event "1st Hainan Open 2016"]
[Site "Danzhou CHN"]
[Date "2016.12.11"]
[Round "5.10"]
[White "Batchuluun, Tsegmed"]
[Black "Li, Bo"]
[Result "1-0"]
[WhiteTitle "GM"]
[BlackTitle "IM"]
[WhiteElo "2521"]
[BlackElo "2364"]
[WhiteFideId "4900847"]
[BlackFideId "8602786"]
[EventDate "2016.12.07"]

1. d4 Nf6 2. c4 g6 3. Nc3 Bg7 4. e4 d6 5. f3 O-O 6. Be3 e5 7. d5 a5 8. Bd3 Na6
9. Nge2 Ne8 10. Qd2 Nb4 11. Bb1 f5 12. exf5 gxf5 13. O-O f4 14. Bf2 Na6 15. a3
Bd7 16. Bc2 b6 17. Rab1 Bf6 18. b4 Bh4 19. Ne4 Bxf2+ 20. Rxf2 Bf5 21. N2c3 Ng7
22. bxa5 bxa5 23. c5 Bxe4 24. Nxe4 Nxc5 25. Nxc5 dxc5 26. Re2 Qd6 27. Rbe1 Rae8
28. Qc3 Nf5 29. Rxe5 Rxe5 30. Rxe5 Nd4 31. Qd3 Nxc2 32. Rg5+ Kh8 33. Qxc2 Qf6
34. h4 Qd4+ 35. Kh2 Rg8 36. Qf5 Rxg5 37. Qxg5 c4 38. Qd8+ Kg7 39. Qxc7+ Kg6 40.
d6 Qf2 41. Qe7 Qg3+ 42. Kg1 c3 43. Qe6+ Kg7 44. Qe5+ Kf7 45. Qxc3 Ke6 46. Qxa5
Qxh4 47. Qd2 Kd7 48. a4 Qg5 49. Qd4 h5 50. a5 Qh4 51. Qe5 1-0

[Event "1st Hainan Open 2016"]
[Site "Danzhou CHN"]
[Date "2016.12.11"]
[Round "5.11"]
[White "Fang, Yuxiang"]
[Black "Zhai, Mo"]
[Result "1-0"]
[WhiteTitle "IM"]
[BlackTitle "WGM"]
[WhiteElo "2510"]
[BlackElo "2337"]
[WhiteFideId "8605840"]
[BlackFideId "8600201"]
[EventDate "2016.12.07"]

1. d4 Nf6 2. c4 e6 3. Nf3 b6 4. g3 Bb7 5. Bg2 Be7 6. O-O O-O 7. Nc3 Ne4 8. Bd2
f5 9. Ne5 Nxc3 10. Bxc3 Bxg2 11. Kxg2 a5 12. e3 Qc8 13. Qf3 Ra7 14. Nd3 Qa6 15.
b3 Bf6 16. Rac1 a4 17. Rfd1 axb3 18. axb3 Qb7 19. d5 Bxc3 20. Rxc3 Re8 21. h4
Ra5 22. b4 Ra4 23. h5 Na6 24. b5 Nb4 25. Nxb4 Rxb4 26. h6 g6 27. e4 d6 28. exf5 1-0

[Event "1st Hainan Open 2016"]
[Site "Danzhou CHN"]
[Date "2016.12.11"]
[Round "5.12"]
[White "Tsydypov, Zhamsaran"]
[Black "Zhu, Yi"]
[Result "1-0"]
[WhiteTitle "IM"]
[BlackTitle "FM"]
[WhiteElo "2460"]
[BlackElo "2306"]
[WhiteFideId "4108566"]
[BlackFideId "8607435"]
[EventDate "2016.12.07"]

1. e4 c6 2. d4 d5 3. e5 Bf5 4. h4 h5 5. Bd3 Bxd3 6. Qxd3 e6 7. Nf3 Ne7 8. Bg5
Qb6 9. Nbd2 Nf5 10. O-O Be7 11. Bxe7 Nxe7 12. a4 a5 13. Qa3 Qb4 14. Qxb4 axb4
15. a5 O-O 16. Nb3 Nd7 17. Ra4 b5 18. Ra2 Rfc8 19. Rfa1 Ra6 20. Nc5 Nxc5 21.
dxc5 Ng6 22. b3 Rd8 23. g3 Kf8 24. Ne1 Nxe5 25. f4 Nd7 26. Nd3 Raa8 27. a6 Ra7
28. Nxb4 Rc8 29. Nd3 Ke7 30. Kf2 Kd8 31. Ke3 Kc7 32. Kd4 f6 33. Re1 Re8 34. c3
Raa8 35. Rae2 Nf8 36. Ra2 Red8 37. a7 Kb7 38. Nb4 Re8 39. Ra6 e5+ 40. Kd3 exf4
41. Rb6+ Kc7 42. Rxc6+ Kd7 43. Rd6+ Kc7 44. Nxd5+ 1-0

[Event "1st Hainan Open 2016"]
[Site "Danzhou CHN"]
[Date "2016.12.11"]
[Round "5.13"]
[White "Liu, Chang"]
[Black "Xu, Yi"]
[Result "1/2-1/2"]
[BlackTitle "IM"]
[WhiteElo "2334"]
[BlackElo "2430"]
[WhiteFideId "8606340"]
[BlackFideId "8605564"]
[EventDate "2016.12.07"]

1. e4 e5 2. Nf3 Nc6 3. Nc3 Nf6 4. d4 exd4 5. Nxd4 Bb4 6. Nxc6 bxc6 7. Bd3 O-O 8.
O-O d5 9. exd5 cxd5 10. Bg5 c6 11. Qf3 Bd6 12. Bxf6 Qxf6 13. Qxf6 gxf6 14. Ne2
Re8 15. Ng3 h6 16. Nf5 Bf8 17. Rfe1 Re5 18. g4 Rb8 19. b3 Bxf5 20. Bxf5 Bb4 21.
Rf1 Bc3 22. Rad1 d4 23. a4 Kf8 24. Kg2 Ke7 25. f4 Re3 26. Rf3 Rd8 27. Rxe3+ dxe3
28. Rd3 Bd2 29. Kf3 e2 30. Kxe2 Rxd3 31. Kxd3 Bxf4 32. h4 Bg3 33. h5 Kd6 34. Kc4
Kc7 35. b4 a6 36. Be4 Bf2 37. Kb3 Kb6 38. c4 Be1 39. c5+ Kc7 40. Bd3 Kb7 41. Be4
Kc7 42. Bd3 Kb7 43. Be4 Kc7 1/2-1/2

[Event "1st Hainan Open 2016"]
[Site "Danzhou CHN"]
[Date "2016.12.11"]
[Round "5.14"]
[White "Li, Yankai"]
[Black "Lin, Yi"]
[Result "1-0"]
[WhiteElo "2324"]
[BlackElo "2422"]
[WhiteFideId "8609357"]
[BlackFideId "8609659"]
[EventDate "2016.12.07"]

1. e4 e5 2. Nf3 Nf6 3. Nc3 Nc6 4. Bb5 Bb4 5. O-O O-O 6. d3 Bxc3 7. bxc3 d6 8.
Rb1 Ne7 9. Re1 Ng6 10. d4 c6 11. Bd3 Re8 12. Bd2 Qc7 13. c4 Be6 14. h3 c5 15. d5
Bd7 16. Kh2 h6 17. g3 Nh7 18. Ng1 Rf8 19. Qh5 Nf6 20. Qe2 Rae8 21. f4 Nh7 22. f5
Nh8 23. g4 Bc8 24. h4 Qd8 25. Nf3 g5 26. hxg5 hxg5 27. Kg3 f6 28. Rh1 Rf7 29.
Rh6 Nf8 30. Rbh1 Rh7 31. Rxh7 Nxh7 32. Qh2 Qd7 33. Bxg5 fxg5 34. Nxg5 Re7 35.
Qh6 Rg7 36. Ne6 Qe7 37. Nxg7 Qxg7 38. Qxd6 Qg5 39. Qh6 Qxh6 40. Rxh6 Kg7 41. Rd6
Nf7 42. Rg6+ Kh8 43. Kh4 Nf8 44. Rf6 Kg7 45. g5 Bd7 46. Be2 Be8 47. Bh5 Nxg5 48.
Rxf8 1-0